000 00499nam a2200205Ia 4500
001 11665
003 GE_BSU
008 181216s||||||||xx |||||||||||||| ||und||
020 _a0091877369
040 _cGE_BSU
080 _a821.111-32
100 _aBinchy,Maeve.
245 _aDublin4.The Lilac Bus.Victoria line,Central line.
260 _aLondon.
260 _bArrow.
260 _c1998.
300 _a320p;20cm.
653 _aDublin4.The Lilac Bus.Victoria line,Central line.
942 _cBK
999 _c44851
_d44851